[Event "15th European Team Championship 2005 - "]
[Site "?"]
[Date "2005.07.30"]
[Round "1.11"]
[White "Voiska, Margarita"]
[Black "Jiretorn, Eva"]
[Result "1-0"]
[WhiteElo "2328"]
[BlackElo "2134"]
[PlyCount "51"]
[EventDate "2005.07.30"]

1. d4 d5 2. c4 c6 3. e3 Nf6 4. Nf3 a6 5. Nbd2 b5 6. b3 Bg4 7. Qc2 e6 8. Bd3 Be7
9. Ne5 Bh5 10. O-O O-O 11. Bb2 h6 12. h3 Nfd7 13. g4 Nxe5 14. dxe5 Bg6 15. Bxg6
fxg6 16. Qxg6 dxc4 17. Ne4 cxb3 18. Nf6+ Bxf6 19. exf6 Rf7 20. fxg7 Qg5 21.
Qxe6 Nd7 22. axb3 Nc5 23. Qxc6 Rd8 24. Rad1 Nd3 25. Rxd3 Rxd3 26. Qe8+ 1-0

[Event "15th European Team Championship 2005 - "]
[Site "?"]
[Date "2005.07.30"]
[Round "1.11"]
[White "Horn, Emilia"]
[Black "Djingarova, Emilia"]
[Result "0-1"]
[WhiteElo "2041"]
[BlackElo "2277"]
[PlyCount "82"]
[EventDate "2005.07.30"]

1. e4 c5 2. Nf3 e6 3. d3 Nc6 4. g3 Nge7 5. Bg2 g6 6. h4 h6 7. O-O Bg7 8. c3 e5
9. Nbd2 O-O 10. Re1 d6 11. Nf1 Be6 12. Ne3 Qd7 13. Kh2 Rad8 14. c4 f5 15. exf5
Nxf5 16. a3 Nfd4 17. Rf1 Rf7 18. Nxd4 Nxd4 19. Nc2 Nb3 20. Rb1 Rdf8 21. f3 b5
22. Ne3 Nd4 23. b4 a6 24. Bb2 Nf5 25. Nxf5 Rxf5 26. Rc1 g5 27. g4 Rf4 28. hxg5
cxb4 29. gxh6 Bxh6 30. axb4 R4f6 31. Bh3 Bxc1 32. Bxc1 Qb7 33. Kg3 bxc4 34.
dxc4 Bxc4 35. Rf2 Qd5 36. Qh1 e4 37. f4 Qd3+ 38. Kg2 e3 39. Rf3 Bd5 40. Kg3
Bxf3 41. Qxf3 Rxf4 0-1

[Event "15th European Team Championship 2005 - "]
[Site "?"]
[Date "2005.07.30"]
[Round "1.11"]
[White "Velcheva, Maria"]
[Black "Hansson, Susanne"]
[Result "1-0"]
[WhiteElo "2274"]
[BlackElo "2110"]
[PlyCount "69"]
[EventDate "2005.07.30"]

1. e4 d5 2. exd5 Nf6 3. c4 e6 4. dxe6 Bxe6 5. Be2 Qe7 6. Qb3 c6 7. Nf3 Na6 8.
O-O O-O-O 9. d4 Bg4 10. Be3 Qb4 11. Qc2 Qa5 12. a3 Bf5 13. Bd3 Bxd3 14. Qxd3
Qh5 15. b4 Bd6 16. Nbd2 Rhe8 17. Rfc1 Kb8 18. c5 Bc7 19. Qb3 Nd5 20. b5 cxb5
21. Qxb5 Nxe3 22. fxe3 Qd5 23. Rab1 Ka8 24. e4 Qc6 25. Qc4 Ba5 26. d5 Qh6 27.
c6 Bb6+ 28. Kh1 Nc5 29. cxb7+ Nxb7 30. e5 Qe3 31. d6 Nc5 32. Qd5+ Nb7 33. Nc4
Qf2 34. Rb2 Qc5 35. Nxb6+ 1-0

[Event "15th European Team Championship 2005 - "]
[Site "?"]
[Date "2005.07.30"]
[Round "1.12"]
[White "Cinar Corlulu, Nilufer"]
[Black "Schuurman, Petra"]
[Result "0-1"]
[WhiteElo "2038"]
[BlackElo "2266"]
[PlyCount "102"]
[EventDate "2005.07.30"]

1. e4 c6 2. d4 d5 3. e5 Bf5 4. c4 dxc4 5. Bxc4 e6 6. Nc3 Nd7 7. Nge2 Nb6 8. Bb3
Ne7 9. Ng3 Bg6 10. O-O Qd7 11. a4 a5 12. Nce4 Nf5 13. Nxf5 Bxf5 14. Ng3 Bg6 15.
h4 h5 16. Bg5 Nd5 17. Qf3 Be7 18. Ne4 Bxe4 19. Qxe4 Bxg5 20. hxg5 Ne7 21. Rfd1
g6 22. g3 Nf5 23. Rac1 Kf8 24. Rc5 Kg7 25. Kg2 Qd8 26. Qf4 Qb6 27. Rd3 Rad8 28.
Rc4 Rd7 29. f3 Rhd8 30. g4 Rxd4 31. Rcxd4 Rxd4 32. Rxd4 Qxd4 33. Qxd4 Nxd4 34.
Bd1 hxg4 35. fxg4 c5 36. Kf2 Nc6 37. Bf3 Nxe5 38. Bxb7 Nxg4+ 39. Kf3 Ne5+ 40.
Ke2 f6 41. gxf6+ Kxf6 42. b3 Nf7 43. Be4 Nd6 44. Bd3 e5 45. Ke3 e4 46. Bf1 Ke5
47. Be2 Nf5+ 48. Kd2 Kd4 49. Bd1 Ng3 50. Bg4 Nh5 51. Be6 Nf4 0-1

[Event "15th European Team Championship 2005 - "]
[Site "?"]
[Date "2005.07.30"]
[Round "1.12"]
[White "Muhren, Bianca"]
[Black "Bayrak, Asli"]
[Result "1-0"]
[WhiteElo "2269"]
[BlackElo "1967"]
[PlyCount "61"]
[EventDate "2005.07.30"]

1. e4 e6 2. d4 d5 3. Nd2 Nf6 4. e5 Nfd7 5. Bd3 c5 6. c3 Nc6 7. Ne2 cxd4 8. cxd4
f6 9. exf6 Nxf6 10. Nf3 Bd6 11. O-O O-O 12. Bf4 Bxf4 13. Nxf4 Ne4 14. g3 g5 15.
Nh5 h6 16. Rc1 e5 17. Nxe5 Nxd4 18. Ng6 Nf3+ 19. Kh1 Qe8 20. Bxe4 dxe4 21. Qd5+
Be6 22. Qxe4 Nd2 23. Rc7 Rf7 24. Qd4 Bd5+ 25. Qxd5 Qe4+ 26. Qxe4 Nxe4 27. Rxf7
Kxf7 28. Ne5+ Ke6 29. Re1 Kxe5 30. f3 Kf5 31. g4+ 1-0

[Event "15th European Team Championship 2005 - "]
[Site "?"]
[Date "2005.07.30"]
[Round "1.13"]
[White "Makropoulou, Marina"]
[Black "Sommer, Sonja"]
[Result "1/2-1/2"]
[WhiteElo "2287"]
[BlackElo "2053"]
[PlyCount "106"]
[EventDate "2005.07.30"]

1. e4 e5 2. Nf3 Nc6 3. Bb5 a6 4. Bxc6 dxc6 5. O-O Bg4 6. h3 h5 7. d3 Qf6 8.
Nbd2 Ne7 9. Nc4 Bxf3 10. Qxf3 Qxf3 11. gxf3 f6 12. Be3 O-O-O 13. Rfb1 g5 14.
Kf1 Ng6 15. b4 Nf4 16. Bxf4 gxf4 17. Ke2 Rg8 18. c3 Rd7 19. Rg1 Rdg7 20. Rxg7
Rxg7 21. a3 c5 22. Rd1 cxb4 23. axb4 Rd7 24. Ra1 Kb8 25. Nd2 Rg7 26. Nb3 c6 27.
Rd1 Kc7 28. d4 b6 29. Ra1 Kb7 30. Kd3 Rg2 31. Ke2 Bd6 32. Rb1 Kc7 33. Rf1 Be7
34. Kd3 Rh2 35. Ke2 Rxh3 36. Rg1 h4 37. dxe5 fxe5 38. Nd2 c5 39. Rg7 Kd8 40.
Nc4 cxb4 41. cxb4 Bxb4 42. Nxe5 a5 43. Nc6+ Kc8 44. e5 Rh1 45. e6 Re1+ 46. Kd3
Rxe6 47. Nxb4 axb4 48. Rh7 Rc6 49. Rxh4 Rc3+ 50. Ke2 Rc4 51. Kd3 Rc3+ 52. Ke2
b3 53. Rxf4 Kc7 1/2-1/2

[Event "15th European Team Championship 2005 - "]
[Site "?"]
[Date "2005.07.30"]
[Round "1.13"]
[White "Nagy, Laura"]
[Black "Fakhiridou, Ekaterini"]
[Result "0-1"]
[WhiteElo "1933"]
[BlackElo "2272"]
[PlyCount "106"]
[EventDate "2005.07.30"]

1. e4 g6 2. Nc3 Bg7 3. g3 d6 4. Bg2 e5 5. d3 Nh6 6. Nge2 c6 7. O-O O-O 8. h3 f6
9. Be3 Nf7 10. f4 Qe7 11. Qd2 Na6 12. Kh2 Nc7 13. Rae1 b5 14. g4 b4 15. Nd1 c5
16. c3 bxc3 17. bxc3 Rb8 18. Ng3 exf4 19. Bxf4 Ne6 20. Be3 Ne5 21. Ne2 Ba6 22.
c4 Qc7 23. Nf4 Nxf4 24. Bxf4 Rbe8 25. Ne3 Bb7 26. Nd1 Qb6 27. Nf2 Qa6 28. Rb1
Bc6 29. Rb2 f5 30. Bh6 fxg4 31. Bxg7 Kxg7 32. hxg4 Rxf2 33. Rxf2 Nxg4+ 34. Kg1
Nxf2 35. Qxf2 Qa5 36. Qg3 Qc3 37. Rf2 Qe5 38. Qf3 Qe7 39. Qg3 Rb8 40. Bf3 Rf8
41. Rh2 Qf6 42. Rf2 Bd7 43. Kg2 Qd4 44. Be2 Rxf2+ 45. Qxf2 Qxf2+ 46. Kxf2 Kf6
47. Ke3 Ke5 48. Bf3 h5 49. Bg2 g5 50. Bf1 g4 51. Kf2 Kf4 52. Kg2 h4 53. Kg1 h3
0-1